书目信息 |
| 题名: |
百病生菜食防治法
|
|
| 作者: | 日甲田光雄 编著 ;李刘坤 译 | |
| 分册: | ||
| 出版信息: | 北京 中国医药科技出版社 1995 |
|
| 页数: | 294 | |
| 开本: | 19cm | |
| 丛书名: | ||
| 单 册: | ||
| 中图分类: | R459.3 | |
| 科图分类: | ||
| 主题词: | 治疗学 | |
| 电子资源: | ||
| ISBN: | 7-5067-1131-1 | |
| 000 | 00624nam0 2200193 450 | |
| 001 | 0754114953 | |
| 005 | 20070929150154.95 | |
| 010 | @a7-5067-1131-1 | |
| 100 | @a20070929d km y0chiy0120 ea | |
| 101 | 0 | @achi |
| 200 | 1 | @a百病生菜食防治法@Abai bing sheng cai shi fang zhi fa@f[日]甲田光雄 编著@F[ri]jia tian guang xiong bian zhu@g李刘坤 译@Gli liu kun yi |
| 210 | @a北京@c中国医药科技出版社@d1995 | |
| 215 | @a294@d19cm | |
| 606 | 0 | @a治疗学 |
| 690 | @aR459.3@v3 | |
| 701 | 0 | @a日甲田光雄@Ari jia tian guang xiong@4编著 |
| 702 | 0 | @a李刘坤@Ali liu kun@4译 |
| 801 | 0 | @aCN@bPFT@c20070929 |
| 905 | @a213230@dR459.3@eh10@f1 | |
| 百病生菜食防治法/[日]甲田光雄 编著/李刘坤 译.-北京:中国医药科技出版社,1995 |
| 294;19cm |
| ISBN 7-5067-1131-1: |
| ● |
| 相关链接 |
|
|
|
|
正题名:百病生菜食防治法
索取号:R459.3/h10
 
预约/预借
| 序号 | 登录号 | 条形码 | 馆藏地/架位号 | 状态 | 备注 |
| 1 | 6000934 | 260009341 | 密集书库-化学系/ [索取号:R459.3/h10] | 在馆 |